Spectroscopic investigation of interaction of 6-methoxyflavanone and its ß-cyclodextrin inclusion complex with calf thymus DNA

Bibliographic Details
Main Authors: Enoch, Israel V. M. V. (Author), Sameena, Yousuf (Author)
Format: Article
Language:English
Subjects:

MARC

LEADER 00000nab a2200000uu 4500
001 vtls010878292
003 SK-MaSNL
005 20260304212500.0
008 230303|2012 xo |||||||||||||||||eng|
015 |a SNBRB 
035 |a (urnnbn)urn:nbn:sk:snk:ar-005uzb 
035 |a (uuid)dd723aaa-7e94-4518-ab74-71a111197c98 
035 |a urn:nbn:sk:snk-ab7mii 
040 |a SNKBUCL  |b slo  |c SNKBUCL  |e AACR2 
041 0 |a eng 
044 |a xo  |c SK 
080 |a 591.443  |2 2001 
100 1 |a Enoch, Israel V. M. V.  |4 aut  |9 1544522 
245 1 0 |a Spectroscopic investigation of interaction of 6-methoxyflavanone and its ß-cyclodextrin inclusion complex with calf thymus DNA  |c Israel V. M. V. Enoch, Sameena Yousuf 
504 |a Bibliogr. odkazy 
650 0 7 |a DNA (nukleová kyselina)  |2 SNKPH  |9 21363 
650 0 7 |a týmus  |2 SNKPH  |9 16284 
655 7 |a štúdie  |2 SNKPH  |9 57033 
700 1 |a Sameena, Yousuf  |4 aut  |9 1544523 
773 0 |t Chemical papers  |g Roč. 66, č. 8 (2012), s. [787]-794 
958 |a NB 
958 |a OND 
958 |a EUIPO 
958 |a article8 
999 |c 3131560  |d 3133490